000 00676nam a2200229Ia 4500
003 OSt
005 20221007080524.0
006 a|||||r|||| 00| 0
007 ta
008 221006b |||||||| |||| 00| 0 eng d
024 _a45,940
037 _cTextual
040 _aFLL
_cFLL
_beng
041 _2eng
_aeng
082 _aY15:45:(S5).2, R0
100 _aCHANDHOK Gunjan Au.
_9694980
245 0 _aAutonomy over anatomy
_b Reproductive and sexual health rights
260 _aNew Delhi
_bUppal Publishing House India
_c2020
300 _aXIII,209p.
_ccm.
942 _hY15:45:(S5).2, R0
_cTEXL
_2CC
999 _c1159954
_d1159954